| 000 | 00932nas a2200301 4500 | ||
|---|---|---|---|
| 001 | BR2015003637 | ||
| 003 | BR-BrBNA | ||
| 005 | 20231205125433.0 | ||
| 007 | ta | ||
| 008 | 230509b bl.|||p| |||| 00| 00por d | ||
| 040 |
_aBR-BrBNA _bpor _cBiblioteca Nacional de Agricultura |
||
| 041 | _a(Pt) | ||
| 072 | _aQ02 | ||
| 100 | 1 | _aMamede, A.M.G.N. | |
| 100 | 1 | _aFonseca, M.J. de O. | |
| 100 | 1 | _aSoares, A.G. | |
| 100 | 1 | _aPereira Filho, I.A. | |
| 100 | 1 | _aGodoy, R.L. de O. | |
| 245 | 1 | _aConservação pós-colheita do milho verde minimamente processado sob atmosfera controlada e refrigeração | |
| 650 | _aMILHO VERDE | ||
| 650 | _aPÓS-COLHEITA | ||
| 650 | _aPROCESSAMENTO MÍNIMO | ||
| 650 | _aREFRIGERAÇÃO | ||
| 650 | _aQUALIDADE | ||
| 773 | 0 |
_tRevista Ceres (Brazil) _xISSN 0034-737X _g(Mar-Apr 2015), v. 62(2) p. 149-158 _wBR2015003637 |
|
| 909 |
_a202311 _bLúcia _c55 _dLúcia Elande |
||
| 942 |
_2AGRIS _n0 _cANA |
||
| 999 |
_c244370 _d244370 |
||